Normal view MARC view
  • Lojero Pérez, María Antonieta

Entry Nombre Personal

Number of records used in: 2

001 - NUMERO DE CONTROL

  • campo de control: 50448

003 - IDENTIFICADOR DE NUMERO DE CONTROL

  • campo de control: MX-MxUPN

005 - FECHA Y HORA DE LA ÜLTIMA TRANSACCIÓN

  • campo de control: 20231025205025.0

008 - DATOS DE LONGITUD FIJA

  • campo de control de longitud fija: 231025nn acnnnaabn n ana d

040 ## - FUENTE DE CATALOGACIÓN

  • Agencia original de catalogación: MX-MxUPN
  • Lenguaje de catalogación: spa

100 1# - ENCABEZAMIENTO - NOMBRE PERSONAL

  • Nombre personal: Lojero Pérez, María Antonieta

400 1# - VEÁSE - NOMBRE DE PERSONA

  • Personal name: Pérez, María Antonieta Lojero

400 1# - VEÁSE - NOMBRE DE PERSONA

  • Personal name: Lojero, Ma. Antonieta

670 ## - FUENTE EN LA QUE SE LOCALIZARON DATOS

  • Cita de la fuente: Física dinámica, 1998 :
  • Información localizada: portada (Ma. Antonieta Lojero) CIP (López Lojero, María Antonieta)

902 ## - CATALOGADOR

  • Catalogador: VíctorGodínez/251023